[Event "American Continental-ch 2018"]
[Site "Montevideo"]
[Date "2018.06.05"]
[Round "6"]
[White "Cerda Albornoz, Guillermo"]
[Black "Ruiz Castillo, Joshua Daniel"]
[Result "0-1"]
[WhiteElo "2195"]
[BlackElo "2378"]
[Annotator "ChessBase"]
[PlyCount "140"]
[EventDate "2018.??.??"]
[EventType "swiss"]
[EventCountry "URU"]
[SourceTitle "playchess.com"]
[Source "ChessBase"]
[SourceQuality "1"]
[TimeControl "40/5400+30:1800+30"]

1. d4 {[%emt 0:00:00]} Nf6 {[%emt 0:04:34]} 2. Nf3 {[%emt 0:00:16]} e6 {[%emt 0:00:06]} 3. e3 {[%emt 0:00:09]} c5 {[%emt 0:00:06]} 4. c4 {[%emt 0:02:03]} cxd4 {[%emt 0:00:08]} 5. exd4 {[%emt 0:00:22]} d5 {[%emt 0:00:04]} 6. Nc3 {[%emt 0:00:34]} Bb4 {[%emt 0:00:59]} 7. cxd5 {[%emt 0:01:41]} Nxd5 {[%emt 0:00:06]} 8. Bd2 {[%emt 0:00:30]} O-O {[%emt 0:01:04]} 9. Bd3 {[%emt 0:01:16]} Nc6 {[%emt 0:00:14]} 10. O-O {[%emt 0:00:44]} Be7 {[%emt 0:01:04]} 11. Rc1 {[%emt 0:05:30]} Nf6 {[%emt 0:09:47]} 12. Be3 {[%emt 0:05:07]} Nb4 {[%emt 0:02:34]} 13. Bb1 {[%emt 0:00:26]} b6 {[%emt 0:00:06]} 14. Ne5 {[%emt 0:03:56]} Bb7 {[%emt 0:03:12]} 15. a3 {[%emt 0:08:18]} Nbd5 {[%emt 0:00:07]} 16. Ba2 {[%emt 0:00:06]} Rc8 {[%emt 0:03:29]} 17. Nxd5 {[%emt 0:03:44]} Bxd5 {[%emt 0:05:13]} 18. Rxc8 {[%emt 0:00:35]} Qxc8 {[%emt 0:00:08]} 19. Bxd5 {[%emt 0:00:05]} Nxd5 {[%emt 0:00:04]} 20. Qa4 {[%emt 0:00:43]} Qb7 {[%emt 0:03:21]} 21. Bd2 {[%emt 0:07:43]} b5 {[%emt 0:05:55]} 22. Qb3 {[%emt 0:01:11]} Rc8 {[%emt 0:00:05]} 23. Rc1 {[%emt 0:01:39]} a6 {[%emt 0:09:15]} 24. h3 {[%emt 0:04:36]} Rxc1+ {[%emt 0:03:25]} 25. Bxc1 {[%emt 0:00:01]} Qc7 {[%emt 0:00:19]} 26. Bd2 {[%emt 0:00:20]} Bd6 {[%emt 0:00:06]} 27. Nf3 {[%emt 0:07:03]} Qc6 {[%emt 0:00:34]} 28. Ne5 {[%emt 0:00:53]} Qc7 {[%emt 0:08:59]} 29. Nf3 {[%emt 0:01:02]} Nb6 {[%emt 0:00:03]} 30. Kf1 {[%emt 0:12:37]} h6 {[%emt 0:00:40]} 31. Qd3 {[%emt 0:06:50]} Na4 {[%emt 0:06:01]} 32. b3 {[%emt 0:03:49]} Nb6 {[%emt 0:10:34]} 33. a4 {[%emt 0:04:17]} bxa4 {[%emt 0:03:43]} 34. bxa4 {[%emt 0:00:04]} Qc4 {[%emt 0:00:01]} 35. Qxc4 {[%emt 0:00:21]} Nxc4 {[%emt 0:00:01]} 36. Ke2 {[%emt 0:00:34]} Kf8 {[%emt 0:00:08]} 37. Bc3 {[%emt 0:01:00]} Nb6 {[%emt 0:00:04]} 38. a5 {[%emt 0:01:07]} Nd5 {[%emt 0:00:03]} 39. Bd2 {[%emt 0:00:13]} Ke7 {[%emt 0:00:25]} 40. Ne5 {[%emt 0:02:29]} f6 {[%emt 0:30:41]} 41. Ng6+ {[%emt 0:32:18]} Kf7 {[%emt 0:02:38]} 42. Nh8+ {[%emt 0:00:12]} Ke8 {[%emt 0:00:08]} 43. Ng6 {[%emt 0:00:07]} Kf7 {[%emt 0:07:20]} 44. Nh8+ {[%emt 0:00:35]} Kg8 {[%emt 0:00:01]} 45. Ng6 {[%emt 0:00:14]} Kh7 {[%emt 0:00:00]} 46. Nh4 g5 47. Nf3 {[%emt 0:00:19]} Kg6 {[%emt 0:00:02]} 48. g3 {[%emt 0:00:31]} Kf7 {[%emt 0:00:05]} 49. Kd3 {[%emt 0:00:06]} Ke7 {[%emt 0:00:23]} 50. Kc4 {[%emt 0:00:11]} Kd7 {[%emt 0:00:06]} 51. h4 {[%emt 0:00:30]} Kc6 {[%emt 0:01:10]} 52. hxg5 {[%emt 0:04:15]} hxg5 {[%emt 0:03:00]} 53. Nh2 {[%emt 0:02:22]} Bc7 {[%emt 0:02:25]} 54. Nf3 {[%emt 0:02:26]} Ne7 {[%emt 0:02:13]} 55. Ne1 {[%emt 0:04:58]} Nf5 {[%emt 0:00:44]} 56. Nd3 {[%emt 0:01:50]} Nd6+ {[%emt 0:00:08]} 57. Kb3 {[%emt 0:00:38]} Ne4 {[%emt 0:00:39]} 58. Be1 {[%emt 0:00:00]} Kb5 59. f3 {[%emt 0:00:00]} Nxg3 {[%emt 0:00:00]} 60. Nc5 Nf5 61. Nxe6 {[%emt 0:00:00]} Bxa5 {[%emt 0:00:00]} 62. Bxa5 {[%emt 0:00:00]} Kxa5 {[%emt 0:00:00]} 63. Kc4 {[%emt 0:00:00]} Nh4 {[%emt 0:00:00]} 64. f4 {[%emt 0:00:00]} g4 {[%emt 0:00:00]} 65. d5 {[%emt 0:00:00]} Kb6 {[%emt 0:00:00]} 66. Kd3 {[%emt 0:00:00]} a5 {[%emt 0:00:00]} 67. Ke2 {[%emt 0:00:00]} Nf5 {[%emt 0:00:00]} 68. Nf8 {[%emt 0:00:00]} Kc7 {[%emt 0:00:00]} 69. Nh7 {[%emt 0:00:00]} a4 {[%emt 0:00:00]} 70. d6+ {[%emt 0:00:00]} Kd8 {[%emt 0:00:00]} 0-1

[Event "American Continental-ch 2018"]
[Site "Montevideo"]
[Date "2018.06.05"]
[Round "6"]
[White "Januario, Severino Pereira"]
[Black "Foisor, Sabina-Francesca"]
[Result "0-1"]
[WhiteElo "2175"]
[BlackElo "2301"]
[Annotator "TA"]
[PlyCount "146"]
[EventDate "2018.??.??"]
[EventType "swiss"]
[EventCountry "URU"]
[SourceTitle "playchess.com"]
[Source "ChessBase"]
[SourceQuality "1"]

{[%evp 38,146,44,51,52,47,58,28,24,27,27,23,41,0,0,0,0,0,0,0,0,0,0,0,0,0,0,-88,-88,-88,-88,-88,-88,-88,-88,-88,-87,-87,-72,-88,-88,-97,-87,-88,-88,-110,-88,-166,-113,-159,-80,-90,-77,-80,-70,-70,-70,-157,-157,-152,-145,-131,-80,-80,-62,-125,-128,-144,-142,-150,-106,-135,-80,-80,-80,-125,-27,-77,-62,-60,-59,-141,-145,-29976,-29977,-29977,-313,-29978,-29979,-29979,-29980,-29980,-29981,-29981,-29982,-29982,-29983,-29984,-29980,-29985,-29979,-29985,-29986,-29986,-29987,-29987,-29987,-29987,-29988,-29988,-29989]} 1. e4 c6 2. d4 d5 3. Nc3 dxe4 4. Nxe4 Bf5 5. Ng3 Bg6 6. Nf3 h6 7. h4 e6 8. h5 Bh7 9. Bd3 Bxd3 10. Qxd3 Nf6 11. Bd2 Nbd7 12. O-O-O Qc7 13. Kb1 O-O-O 14. Ne4 Nxe4 15. Qxe4 Nf6 {B19: Classical Caro-Kann: 4...Bf5 main line} (15... Bd6 16. c4 Nf6 17. Qc2 c5 18. d5 exd5 19. cxd5 Kb8 20. Bc3 Rhe8 21. Bxf6 gxf6 22. Rhe1 Qd7 23. Nh4 Rxe1 24. Rxe1 {1-0 (62) Plat,V (2569)-Fontaine,R (2563) chess.com INT 2018}) 16. Qe2 Bd6 17. c4 c5 18. Bc3 {[%cal Bd2c3,Bc3d4,Bd4e5][%mdl 32]} Rhe8 19. Ne5 cxd4 20. Bxd4 {LiveBook: 15 Games} Bxe5 21. Bxe5 Qc5 22. a3 (22. f3 {keeps more tension.} Rxd1+ 23. Rxd1 Rd8 24. Rxd8+ Kxd8 25. g4) 22... Rxd1+ 23. Rxd1 Rd8 24. Rxd8+ Kxd8 25. Bxf6+ $146 ({Predecessor:} 25. b4 Qc6 26. g4 Qh1+ {½-½ (26) Traczewski,W-Somogyi,G LSS email 2007}) 25... gxf6 $11 {[%mdl 4096] Endgame KQ-KQ} 26. Qd2+ Ke7 27. Qxh6 Qxf2 28. Qh8 Qf1+ 29. Ka2 Qxc4+ 30. Ka1 e5 31. h6 e4 {aiming for ...e3.} 32. h7 (32. Qb8 $11 Qf1+ 33. Ka2 Qc4+ 34. Ka1 Qf1+ 35. Ka2 Qc4+ 36. Ka1) 32... e3 $1 $17 {Hoping for ...Qe4.} 33. Qg8 e2 {[%cal Re2e1]} 34. Qg3 Qc1+ 35. Ka2 e1=Q 36. Qxe1+ Qxe1 37. h8=Q {KQ-KQ} Qg3 38. Qh1 f5 39. Qf1 Qe5 40. Qf2 b6 41. Ka1 Qe4 42. g3 (42. Qg3 $17 {was worth a try.}) 42... Ke6 (42... Kf6 $1 $19 43. Qd2 Kg6) 43. Ka2 {[#]} f6 (43... Kf6 $142 $1 44. Qd2 Qe6+ 45. Kb1 Qe4+ 46. Ka2 Kg6) 44. Ka1 Ke5 45. Ka2 f4 46. gxf4+ Qxf4 47. Qe2+ ({Better is} 47. Qc2 $15) 47... Qe4 48. Qh2+ Kd5 49. Qd2+ Qd4 (49... Ke6 $142 {Strongly threatening ...Qd5+.} 50. Qc1 Qd5+ 51. Ka1 Qc5 52. Qe1+ Qe5) 50. Qg2+ Kc5 51. Qh3 (51. Qg7 $15) 51... Qd5+ 52. Ka1 {[#]} f5 $1 53. Qe3+ Kc6 54. Qc3+ Kb7 (54... Qc5 $142 55. Qg7 a5 56. Qg6+ Kb5 57. Qe8+ Kc4) 55. Qg7+ Ka6 {White must now prevent ...f4.} 56. Qf8 Qc5 ({Black should play} 56... Qe4 $17 57. Qc8+ Kb5 58. Qd7+ Kc4 59. Qxa7 f4 60. Qa4+ Kd3 61. Qd1+ Ke3 62. Qe1+ Kd4 63. Qd1+ Kc5 64. Qg1+ Kc4 65. Qf1+ Kc5 66. Qg1+ Kb5 67. Qf1+ Kc6) 57. Qe8 Qc1+ 58. Ka2 Qc4+ 59. Ka1 (59. b3 $1 $15 Qc2+ 60. Ka1) 59... f4 {[%cal Bf5f4,Bf4f3][%mdl 32]} 60. b4 $2 {[%mdl 8192]} (60. Qa8 $17) 60... Qc1+ 61. Ka2 Qc2+ 62. Ka1 f3 {Black mates.} 63. b5+ Ka5 64. Qe1+ Kxb5 65. Qf1+ Qe2 66. Qb1+ Ka6 67. Qb3 Qe4 68. a4 Qd4+ 69. Ka2 f2 70. Qb5+ Kb7 71. Qf1 Qxa4+ 72. Kb2 Qb4+ 73. Kc2 Qe1 {Precision: White = 40%, Black = 64%.} 0-1

[Event "American Continental-ch 2018"]
[Site "Montevideo"]
[Date "2018.06.05"]
[Round "6"]
[White "Balzano, Ivan"]
[Black "Muniz, Rafael"]
[Result "1-0"]
[WhiteElo "2142"]
[BlackElo "2290"]
[Annotator "TA"]
[PlyCount "113"]
[EventDate "2018.??.??"]
[EventType "swiss"]
[EventCountry "URU"]
[SourceTitle "playchess.com"]
[Source "ChessBase"]
[SourceQuality "1"]

{[%evp 15,113,0,0,-7,0,-20,0,0,7,24,26,-2,0,-15,-6,-6,-6,-6,-14,-6,0,0,0,-12,0,0,0,-70,-7,-12,-10,-40,0,0,0,-5,0,0,0,-5,-5,-5,0,0,18,17,37,23,18,18,36,36,43,36,37,36,36,28,28,28,40,0,0,0,52,52,51,52,50,51,245,254,277,260,317,305,467,450,492,468,464,450,1002,1008,912,867,1231,1231,1994,1815,1155,916,1709,1705,2627,2608,5616,1432,1945,1930]} 1. e4 c5 2. Be2 Nc6 3. f4 g6 4. Nf3 Bg7 5. d3 d6 6. c3 Nf6 7. O-O O-O 8. Kh1 {B22: Sicilian: 2 c3} c4 {LiveBook: 9 Games} (8... b5 9. a3 Bb7 10. Be3 a5 11. Nbd2 b4 12. d4 bxc3 13. bxc3 a4 14. Rb1 cxd4 15. cxd4 Na5 {1-0 (60) Kovalev,V (2639)-Moiseenko,A (2667) Riadh 2017}) 9. Be3 cxd3 10. Bxd3 {The position is equal.} b6 $146 ({Predecessor:} 10... Qc7 11. Nbd2 e5 12. f5 d5 13. fxg6 hxg6 14. Qe1 {1-0 (85) Pedersen,E (2400)-Schandorff,L (2511) Denmark 2000}) 11. Nbd2 Bb7 12. Qe1 e5 13. Qh4 d5 (13... exf4 {is more complex.} 14. Bxf4 Ne5 15. Bc2 Nfg4 16. Bg5 f6) 14. Rad1 dxe4 15. Nxe4 Nxe4 16. Bxe4 Qxh4 17. Nxh4 Rad8 18. fxe5 Bxe5 19. Bh6 Rxd1 20. Rxd1 Rd8 {[%cal Rd8d1]} 21. Bd5 ({White should play} 21. Rxd8+ $11 Nxd8 22. Bxb7 Nxb7 23. Nf3) 21... Rd7 (21... Bf6 $1 $15 22. Nf3 Ne5 23. Nxe5 Bxd5) 22. Nf3 Bg7 23. Ng5 {Black must now prevent Bxf7+.} Rxd5 24. Rxd5 Bxh6 {[#]} 25. Nxf7 $1 {[%mdl 512]} Kxf7 26. Rd7+ Ke6 27. Rxb7 Bc1 28. b4 {[%cal Bb2b4,Bb4b5][%mdl 32]} h6 29. b5 Na5 30. Rxa7 Be3 31. Rg7 Kf6 32. Rc7 Bc5 33. g4 Nc4 34. h3 Kg5 35. Rc6 h5 36. gxh5 gxh5 37. a4 h4 38. Rc8 Kf4 $1 39. Rg8 {Strongly threatening Rg4+.} Ne5 (39... Kf3 $1 $11) 40. Kg2 $14 Ke4 41. Re8 Kd5 42. Rh8 Ng6 $2 (42... Be7 $14) 43. Rh5+ $1 $18 Kc4 {[#] ...Nf4+ is the strong threat.} 44. Kf3 $1 {[%cal Rf3e4]} Be7 45. Ke4 Bc5 (45... Nf8 $142 46. Kf5 Bc5 47. Rxh4+ Kxc3) 46. Rh6 {White is clearly winning.} Ne7 47. Rxh4 Kxc3 {[#]} 48. Rg4 $1 Nc8 (48... Bd4 $142 49. h4 Kc4) 49. Kd5 Nd6 50. Rf4 Nb7 51. h4 {[%cal Bh3h4,Bh4h5,Bh5h6][%mdl 32]} Kd2 52. h5 Be3 53. Rh4 Bg5 54. Rh2+ Kc3 55. h6 Bf6 56. Kc6 (56. Rf2 $142 Bh8 57. Rf8) 56... Nc5 57. a5 {Precision: White = 58%, Black = 41%.} 1-0

[Event "American Continental-ch 2018"]
[Site "Montevideo"]
[Date "2018.06.05"]
[Round "6"]
[White "Curi, Gabriel"]
[Black "Larrea, Manuel"]
[Result "1/2-1/2"]
[WhiteElo "2141"]
[BlackElo "2268"]
[Annotator "TA"]
[PlyCount "116"]
[EventDate "2018.??.??"]
[EventType "swiss"]
[EventCountry "URU"]
[SourceTitle "playchess.com"]
[Source "ChessBase"]
[SourceQuality "1"]

{[%evp 30,116,64,60,59,-1,0,0,0,0,0,-37,-27,-27,-9,-19,-16,-15,-8,-9,0,-82,-68,-85,0,0,0,-31,-21,-31,-8,-8,0,-26,-28,-33,-29,-37,-40,-51,-13,-35,-29,-56,0,0,0,0,0,0,0,0,0,0,0,0,0,0,0,0,0,0,0,0,0,0,0,0,0,0,0,0,0,0,0,0,0,0,0,0,0,0,0,0,0,0,0,0,0]} 1. d4 Nf6 2. c4 g6 3. Nc3 Bg7 4. e4 d6 5. f3 O-O 6. Be3 a6 7. Qd2 Nbd7 8. Nge2 c5 9. dxc5 Nxc5 10. Nd4 Ne6 11. Be2 Nxd4 12. Bxd4 Be6 13. O-O Nd7 {B38: Sizilianisch (Maroczy-Aufbau)} 14. Bxg7 Kxg7 15. f4 Rc8 16. b3 {LiveBook: 4 Partien} f6 17. f5 $146 (17. Rf3 $14) ({Vorgänger:} 17. Nd5 Bf7 18. Rac1 Nc5 19. Qe3 e6 20. Nc3 {0-1 (59) Leiva,G (2384)-Cori Tello,J (2596) Lima 2016}) 17... Bf7 $11 18. Rf3 Ne5 19. Rh3 {[#] jetzt Dh6+ und aus.} g5 20. Nd5 b5 (20... h5 {looks sharper.} 21. a4 h4 22. a5 Bxd5 23. exd5 Qd7) 21. cxb5 axb5 22. a4 bxa4 23. bxa4 Bxd5 24. exd5 Rc5 25. Rc3 (25. a5 $11) 25... Qa5 26. Rc2 Qxd2 (26... Qa7 $17 {( -> ...Txc2+)} 27. Rxc5 dxc5) 27. Rxd2 Ra8 28. Raa2 g4 29. Bb5 Rac8 30. Be2 Ra8 31. Bb5 Kh6 32. Rac2 Rac8 33. Rxc5 Rxc5 {[%mdl 4096] Endspiel KTL-KTS} 34. Kf2 Kg5 35. Rb2 Kxf5 36. a5 Nc4 (36... Ke4 $15) 37. Bxc4 {Die Stellung ist ausgeglichen.} Rxc4 {KT-KT} 38. Ra2 Rc7 39. a6 {Und a7 würde nun gewinnen.} Ra7 40. Ke3 Ke5 41. Ra5 f5 42. g3 h5 {[%cal Bh7h5,Bh5h4,Bh4g3,Bg3g2][%mdl 32]} 43. Kd3 f4 44. gxf4+ Kxf4 45. Kc4 {Droht Kb5 und aus.} h4 46. Kb5 {Und weiter mit Kb6 wäre nett.} g3 47. hxg3+ hxg3 48. Kb6 {[#]} g2 $1 {[%mdl 512]} 49. Ra1 Ra8 50. Kb7 Rf8 51. a7 Ke4 52. Rg1 Kxd5 53. Rxg2 e5 54. Rd2+ Kc5 55. Rc2+ Kd4 56. Rc8 Rf7+ 57. Rc7 $1 {[%cal Rc7f7]} Rf8 58. Rc8 Rf7+ {Precision: Weiß = 70%, Schwarz = 74%.} 1/2-1/2

[Event "American Continental-ch 2018"]
[Site "Montevideo"]
[Date "2018.06.07"]
[Round "7"]
[White "Shankland, Samuel"]
[Black "Cori, Jorge"]
[Result "1/2-1/2"]
[WhiteElo "2717"]
[BlackElo "2659"]
[Annotator "TA"]
[PlyCount "100"]
[EventDate "2018.??.??"]
[EventType "swiss"]
[EventCountry "URU"]
[SourceTitle "playchess.com"]
[Source "ChessBase"]
[SourceQuality "1"]

{[%evp 16,100,34,22,26,22,21,22,28,20,28,27,35,24,29,19,25,24,41,28,37,25,38,27,35,28,28,17,60,29,35,34,43,25,33,31,61,17,26,0,20,11,13,0,45,45,74,55,89,83,121,-113,-119,-145,-148,-138,-140,-155,-153,-245,-246,-176,-169,-172,-98,-97,-96,-96,-89,-99,-93,-98,-75,-75,-50,-50,-50,-50,-50,-50,-50,-50,-50,-50,-50,-75,-46]} 1. Nf3 d5 2. g3 Nf6 3. Bg2 c6 4. c4 g6 5. b3 Bg7 6. Bb2 O-O 7. O-O Re8 8. d4 Ne4 {D78: Fianchetto Grünfeld: 6 0-0 c6} (8... a5 9. Nc3 Ne4 10. e3 Bg4 11. Ne2 Nd6 12. Rc1 e6 13. h3 Bxf3 14. Bxf3 Nd7 15. Nf4 a4 16. c5 {0-1 (64) Yu,Y (2750)-Nguyen,N (2629) Ashkhabad 2017}) 9. e3 {LiveBook: 5 Games} Bg4 10. h3 Bxf3 {The position is equal.} 11. Bxf3 $146 ({Predecessor:} 11. Qxf3 f5 12. Rc1 e6 13. Nc3 Nxc3 14. Bxc3 Nd7 15. cxd5 cxd5 16. Qe2 {½-½ (25) Nguyen,P (2321)-Neuman,P (2464) Prague 2015}) 11... e6 12. Nd2 Nxd2 13. Qxd2 Nd7 {[%cal Bb8d7,Bd7f6,Bf6e4][%mdl 32]} 14. Rfd1 Nf6 15. Rac1 a6 16. Qe2 Qe7 17. Bc3 Rad8 18. Bg2 Ne4 19. Be1 Nd6 20. a4 f5 21. Rc2 g5 22. Bb4 Kh8 23. Qh5 Rg8 24. Bf1 Qf6 25. Bd3 Ne4 26. Kg2 Bf8 27. Be1 g4 28. hxg4 Rg5 29. Qh1 fxg4 {[#] ...Qf3+ is the strong threat.} 30. Kg1 Qf3 31. Rdc1 Qf7 32. Bxe4 Rh5 33. Qxh5 $2 (33. Qg2 $16 dxe4 34. Qxe4) 33... Qxh5 $17 34. Bg2 Qf5 35. b4 h5 36. Bc3 Kg8 37. b5 (37. cxd5 $17 {was worth a try.} exd5 38. Bf1) 37... axb5 $19 ({Less strong is} 37... dxc4 38. bxc6 bxc6 39. Bf1 $17) 38. axb5 Ba3 ({Much less strong is} 38... dxc4 39. bxc6 bxc6 40. Ra2 $17) 39. Bb2 Bxb2 (39... Be7 $19 40. cxd5 cxd5) 40. Rxb2 $17 Rf8 41. bxc6 bxc6 42. cxd5 cxd5 43. Rc6 Kg7 44. e4 dxe4 {Strongly threatening ...Qd5.} 45. Rc5 Qf6 46. Re5 {[#]} e3 $1 47. Rxe3 Qxd4 48. Rbe2 $1 Rf6 49. Rxe6 Rxe6 50. Rxe6 Kf7 {Precision: White = 37%, Black = 62%.} 1/2-1/2

[Event "American Continental-ch 2018"]
[Site "Montevideo"]
[Date "2018.06.07"]
[Round "7"]
[White "Xiong, Jeffery"]
[Black "Hungaski, Robert"]
[Result "1/2-1/2"]
[WhiteElo "2656"]
[BlackElo "2510"]
[Annotator "TA"]
[PlyCount "56"]
[EventDate "2018.??.??"]
[EventType "swiss"]
[EventCountry "URU"]
[SourceTitle "playchess.com"]
[Source "ChessBase"]
[SourceQuality "1"]

{[%evp 9,56,19,18,12,20,21,18,12,10,7,16,11,6,-4,18,10,5,-15,0,0,6,-9,-16,-33,-22,-33,-25,-32,0,-32,-23,-32,-26,-39,-32,-41,-42,-63,0,0,0,-8,0,0,0,-22,0,-14,0]} 1. e4 c6 2. d4 d5 3. exd5 cxd5 4. Bd3 Nc6 5. c3 Qc7 6. Na3 {[%cal Bb1a3,Ba3c2,Bc2e3][%mdl 32] B13: Caro-Kann: Exchange Variation and Panov-Botvinnik Attack} (6. Ne2 Nf6 7. Bf4 e5 8. dxe5 Nxe5 9. Bb5+ Kd8 10. O-O Bd6 11. Nd2 Be6 12. Nd4 a6 13. Re1 axb5 14. Nxb5 {0-1 (22) Carlsen,M (2832)-So,W (2815) chess.com INT 2017}) 6... a6 7. Nc2 Nf6 8. Ne2 Bg4 9. Bg5 e6 10. Ne3 {aiming for Bxf6.} Bh5 11. Qc2 $146 ({Predecessor:} 11. Bf4 Qxf4 12. Nxf4 Bxd1 13. Rxd1 Bd6 14. Ne2 O-O 15. O-O {½-½ (15) Biehl,T (2024)-Klein,C (2114) Germany 2016}) 11... Bg6 12. Bxf6 gxf6 13. f4 {With the idea f5.} Bxd3 14. Qxd3 f5 15. O-O h5 {[%cal Bh7h5,Bh5h4][%mdl 32]} 16. b4 Bg7 17. a4 Bf6 18. Rac1 Qb6 19. Ng3 Kf8 20. Kh1 h4 21. Ne2 Rd8 22. Rb1 Ne7 23. b5 a5 (23... axb5 $15 24. Rxb5 Qa6) 24. Rbc1 $11 {The position is equal.} Rd7 25. Ng1 Ng6 26. Ne2 Ne7 27. Ng1 Ng6 28. Ne2 Ne7 {Precision: White = 45%, Black = 50%.} 1/2-1/2

[Event "American Continental-ch 2018"]
[Site "Montevideo"]
[Date "2018.06.07"]
[Round "7"]
[White "Cordova, Emilio"]
[Black "Erenburg, Sergey"]
[Result "1/2-1/2"]
[WhiteElo "2621"]
[BlackElo "2563"]
[Annotator "TA"]
[PlyCount "44"]
[EventDate "2018.??.??"]
[EventType "swiss"]
[EventCountry "URU"]
[SourceTitle "playchess.com"]
[Source "ChessBase"]
[SourceQuality "1"]

{[%evp 14,44,17,23,27,0,19,18,25,22,18,-13,-10,-22,-9,-18,-16,-29,-29,-27,-23,-22,-32,-13,-7,-50,-43,-77,-79,-92,-97,-95,-105]} 1. Nf3 d5 2. g3 c6 3. Bg2 Bg4 4. O-O Nf6 5. d3 Nbd7 6. Nbd2 {[%cal Bb1d2,Bd2c4,Bc4b2][%mdl 32]} e5 7. e4 dxe4 8. dxe4 h6 {A07: Réti Opening: New York and Capablanca Systems} (8... Bc5 9. h3 Bh5 10. Qe1 O-O 11. b3 a5 12. a3 Re8 13. Bb2 Qc7 14. Nh4 {½-½ (14) Grigoryan,K (2581)-Petrosian,T (2606) Yerevan 2018}) 9. Qe1 Bc5 10. Nc4 Qc7 {The position is equal.} 11. b4 Be7 $146 ({Predecessor:} 11... Be6 12. Ncxe5 Nxe5 13. bxc5 Bc4 14. Bf4 Nxf3+ 15. Bxf3 Qd7 16. Be2 Bxe2 17. Qxe2 {0-1 (43) Barczay,L (2370)-Roeder,F (2325) Augsburg 1986}) 12. a4 Be6 13. Nb2 $1 c5 14. b5 O-O 15. c4 a6 16. Bd2 axb5 17. cxb5 c4 18. Bc3 Bd6 $36 {[%mdl 2048] Black is more active.} 19. Nh4 Rfe8 20. Qe2 Nc5 {Black is better.} 21. Nf5 {[#]} Bf8 $1 22. Qc2 Nb3 {Precision: White = 23%, Black = 81%.} 1/2-1/2

[Event "American Continental-ch 2018"]
[Site "Montevideo"]
[Date "2018.06.07"]
[Round "7"]
[White "Cruz, Cristhian"]
[Black "Tristan, Leonardo"]
[Result "1-0"]
[WhiteElo "2576"]
[BlackElo "2459"]
[Annotator "TA"]
[PlyCount "183"]
[EventDate "2018.??.??"]
[EventType "swiss"]
[EventCountry "URU"]
[SourceTitle "playchess.com"]
[Source "ChessBase"]
[SourceQuality "1"]

{[%evp 18,183,33,0,0,0,33,2,2,0,5,0,6,10,14,15,10,0,0,0,0,0,0,0,2,0,0,0,0,0,0,0,10,8,11,12,9,0,0,0,0,0,4,0,66,59,59,59,63,70,95,93,93,81,93,88,93,88,88,88,91,0,80,80,80,80,80,80,80,80,80,80,80,80,80,80,80,80,81,81,81,81,81,81,81,81,91,73,73,73,77,77,77,77,77,73,73,73,74,66,66,66,96,59,59,59,58,58,58,58,152,144,137,49,290,288,255,285,271,283,277,266,266,250,212,154,191,177,281,279,273,273,652,655,511,534,698,562,1067,1054,1380,848,1478,1416,1635,1537,1955,1717,2468,2332,1368,1335,7204,7339,6203,5252,29975,29976,29974,29977,29982,29983,29983,29984,29984,29985,29985,29984]} 1. d4 d5 2. c4 e6 3. Nf3 Nf6 4. Nc3 a6 5. cxd5 exd5 6. Bg5 {D37: Damengambit (5.Lf4)} Be6 7. e3 Nbd7 8. Bd3 Bd6 9. Qc2 (9. Bf4 Qe7 10. O-O O-O 11. h3 c6 12. Qc2 Rfe8 13. Rae1 g6 {1-0 (40) Aronian,L (2801)-Oleksienko,M (2615) Germany 2018}) 9... c6 10. Bh4 {LiveBook: 4 Partien} h6 11. Bg3 Qc7 12. O-O Bxg3 13. hxg3 O-O 14. Na4 b6 $146 15. Rac1 Rfc8 16. Qe2 Qa7 17. Rc2 c5 18. dxc5 $1 Nxc5 19. b3 Nxa4 20. bxa4 Rxc2 21. Qxc2 Rc8 {[%cal Ba8c8,Bc8c5,Bc5a5][%mdl 32]} 22. Qb2 Bd7 23. Qb3 Rc5 24. Rb1 Qc7 25. Bxa6 Bxa4 26. Qxa4 Ra5 27. Qd1 {Droht stark Ld3.} Rxa6 28. Rc1 Qd8 29. Rc2 Ra4 30. Qc1 {Schwarz muss nun Tc8 beachten.} Rc4 ({Lieber} 30... Qe7 $11) 31. Rxc4 $14 dxc4 32. Qxc4 Qd1+ 33. Kh2 b5 34. Qc8+ Kh7 35. Qf5+ Kg8 36. g4 Qe2 37. g5 hxg5 38. Qc8+ Kh7 39. Qf5+ Kg8 40. Nxg5 {Weiss will mit Dc8+ Matt setzen.} Qh5+ 41. Kg3 {jetzt Dc8+ und aus.} Ne4+ 42. Qxe4 {[%cal Re4e8]} Qxg5+ $16 {[%mdl 4096] Endspiel KD-KD} 43. Qg4 Qe5+ 44. Kh3 Qb2 45. Qc8+ Kh7 46. Qf5+ Kg8 47. Kg3 g6 48. Qd5 Qe2 49. a3 Kg7 50. Qc5 Kg8 51. Qd4 Qh5 52. f3 Qh1 53. Qd8+ Kg7 54. Qd2 Qg1 55. Qc3+ Kg8 56. e4 Qb6 57. e5 Qe6 58. Qd4 Qe7 59. Qe3 Qc7 60. Qg5 Qc3 61. Qd8+ Kg7 62. Qe7 Qe1+ 63. Kh2 Qe3 (63... Qa1 $14) 64. Qf6+ $1 Kg8 65. Kh3 (65. e6 $1 $16 fxe6 66. Qxg6+ Kf8 67. Qh5) 65... Qh6+ $2 {[#]} (65... Qd4 $14) 66. Kg3 $1 $18 Qe3 {[#]} 67. e6 $1 fxe6 68. Qxg6+ Kf8 69. Qf6+ Ke8 70. Kg4 Kd7 71. Qb2 Kc6 72. Qb4 {De4+ ist eine echte Drohung.} Qf2 (72... Qh6 $142 73. Qe4+ Kb6) 73. g3 {[%cal Bg2g3,Bg3g4,Bg4g5,Bg5g6][%mdl 32]} Qa2 74. Qf8 Qc4+ $2 (74... Qe2 75. Kg5 Qe3+ 76. Kh4 Qe1 77. Qa8+ Kd6 78. Qd8+ Kc6) 75. Kh5 Qd5+ 76. Kh4 Qd4+ 77. g4 e5 78. Kh5 Qd3 79. Kh6 Qd2+ 80. g5 Qh2+ 81. Kg7 Kd5 82. g6 Qh3 83. Kg8 Kd4 84. Qd6+ Kc4 85. Qb4+ Kd3 86. Qxb5+ Kd4 87. Qc6 {Weiß setzt Matt.} Ke3 88. g7 Qh5 89. Kf8 Qf5+ 90. Ke7 Qg5+ 91. Qf6 Qg3 92. Kf8 {Precision: Weiß = 76%, Schwarz = 58%.} 1-0